[Event "M7 Gruppe 2 "]
[Site "Koge"]
[Date "2005.03.28"]
[Round "7"]
[White "Rasmussen, Bo"]
[Black "Christensen, Bent"]
[Result "1-0"]
[WhiteElo "2037"]
[BlackElo "2033"]
[PlyCount "91"]
[EventDate "2005.03.22"]
[EventType "tourn"]
[EventRounds "7"]
[EventCountry "DEN"]

1. c4 e6 2. Nc3 d5 3. Nf3 Nf6 4. g3 Be7 5. Bg2 O-O 6. O-O d4 7. Nb5 c5 8. d3 a6
9. Na3 Nc6 10. Nc2 e5 11. a3 a5 12. Rb1 h6 13. Bd2 a4 14. b4 axb3 15. Rxb3 Re8
16. Qb1 Qc7 17. Qb2 Bd6 18. e4 Ra7 19. Rb1 Nd8 20. Qc1 Bf8 21. Nh4 Nc6 22. f4
Nd7 23. Qe1 Nf6 24. Qf1 Nd7 25. Bh3 Bd6 26. Nf5 Bf8 27. Ne1 g6 28. Nh4 Bg7 29.
Nef3 Qd8 30. Bc1 Qc7 31. Rb5 Bf8 32. Nd2 Qd8 33. Nhf3 Ra6 34. Bxd7 Qxd7 35. Nb3
Na7 36. Nxc5 Bxc5 37. Rxc5 exf4 38. Bxf4 Rxa3 39. Rd5 Qa4 40. Bd6 Ra2 41. Nxd4
Nc6 42. Nb3 Qa7+ 43. Bc5 Qa4 44. Be3 h5 45. Qf6 Re2 46. Bh6 1-0

[Event "M7 Gruppe 2 "]
[Site "Koge"]
[Date "2005.03.28"]
[Round "7"]
[White "Hansen, Lars Henrik Bech"]
[Black "Preuss, Flemming"]
[Result "1-0"]
[WhiteElo "2051"]
[BlackElo "2022"]
[PlyCount "53"]
[EventDate "2005.03.22"]
[EventType "tourn"]
[EventRounds "7"]
[EventCountry "DEN"]

1. e4 c5 2. Nf3 Nc6 3. d4 cxd4 4. Nxd4 Nf6 5. Nc3 e5 6. Ndb5 d6 7. Nd5 Nxd5 8.
exd5 Nb8 9. Qf3 Be7 10. Qg3 O-O 11. Bh6 Bf6 12. h4 Kh8 13. Bd2 a6 14. Qa3 Be7
15. Ba5 b6 16. Bb4 Bb7 17. Nxd6 Bxd5 18. O-O-O a5 19. Rxd5 axb4 20. Nxf7+ Kg8
21. Qxa8 Qc7 22. Ng5 b3 23. axb3 Rc8 24. Rd2 Nc6 25. Bc4+ Kh8 26. Nf7+ Kg8 27.
Nd6+ 1-0